00738nam a2200205 a 450000100100000000500170001000800410002702000150006804000250008310000240010824000380013224500700017026000380024030000310027850000340030950400300034370000370037395201050041099900170051500004269320201002040330.0140205s1995 sp c 001 0 spa d a8440659245 aDO-SdBNPbspacBNPHU1 aSpada, James96999910aStreisand. The intimate biography10aBarbra Streisand. /cJames Spada; traducción Nuria Lago Jaraiz. aBarcelona, :bEdiciones B,c1995. a574 p. :bretrs. ;c24 cm. aIncluye índice onomástico aBibliografía p: 559-56012aLago Jaraiz, Nuriaetrad.911506 001050718MOaGRbGRcCTd2014-02-05iLF1l0o p42693-10r2020-06-25w2020-06-25y1ZNo se presta c42182d42182